Radical ambition : C. Wright Mills, the left, and American social thought (Record no. 49370)

MARC details
000 -LEADER
fixed length control field 00749nam a2200217Ia 4500
008 - FIXED-LENGTH DATA ELEMENTS--GENERAL INFORMATION
fixed length control field 191130s2009##################000#0#eng##
020 ## - INTERNATIONAL STANDARD BOOK NUMBER
International Standard Book Number 9780520258365
022 ## - INTERNATIONAL STANDARD SERIAL NUMBER
International Standard Serial Number 2008035577
040 ## - CATALOGING SOURCE
Original cataloging agency ACL
Transcribing agency ACL
082 ## - DEWEY DECIMAL CLASSIFICATION NUMBER
Classification number 301.092 GEA
100 ## - MAIN ENTRY--PERSONAL NAME
Personal name Geary, Daniel
245 ## - TITLE STATEMENT
Title Radical ambition : C. Wright Mills, the left, and American social thought
Statement of responsibility, etc. Daniel Geary
260 ## - PUBLICATION, DISTRIBUTION, ETC.
Place of publication, distribution, etc. Berkeley
Name of publisher, distributor, etc. University of California Press
Date of publication, distribution, etc. c2009
300 ## - PHYSICAL DESCRIPTION
Extent xi, 277 p. ; 24 cm
500 ## - GENERAL NOTE
General note Includes bibliographical references (p. 221-262) and index
650 ## - SUBJECT ADDED ENTRY--TOPICAL TERM
Topical term or geographic name entry element Mills, C. Wright (Charles Wright), 1916-1962
Topical term or geographic name entry element Sociology - United States - History - 20th century
990 ## - EQUIVALENCES OR CROSS-REFERENCES [LOCAL, CANADA]
Link information for 9XX fields b45dedadac10000c2618edefdc59bf4a
991 ## -
-- 225351
Holdings
Withdrawn status Lost status Materials specified (bound volume or other part) Damaged status Not for loan Home library Current library Shelving location Date acquired Total Checkouts Full call number Barcode Date last seen Price effective from Koha item type
    hbk     Anna Centenary Library Anna Centenary Library 3RD FLOOR, B WING 09.10.2020   301.092 GEA 168911 09.10.2020 09.10.2020 English Books

Find us on the map